| Tag |
First Indicator |
Second Indicator |
Subfields |
| LEADER |
00000cam a2200000 a 4500 |
| 001 |
in00000001114 |
| 005 |
20151007050327.0 |
| 008 |
981020s1998 dcu b f000 0 eng d |
| 035 |
|
|
|a (OCoLC)40137040
|
| 035 |
|
|
|9 AHS9218AM
|
| 040 |
|
|
|a GPO
|c GPO
|d DLC
|d MvI
|d UtOrBLW
|
| 043 |
|
|
|a n-us---
|
| 049 |
|
|
|a UDOC
|
| 074 |
|
|
|a 0120
|
| 086 |
0 |
|
|a A 57.2:W 84/2
|
| 245 |
0 |
0 |
|a Women in agriculture :
|b changing roles and current outreach techniques.
|
| 246 |
3 |
0 |
|a Changing roles and current outreach techniques
|
| 264 |
|
1 |
|a [Washington, D.C.?] :
|b Social Sciences Institute,
|c [1998]
|
| 300 |
|
|
|a 14 pages ;
|c 28 cm.
|
| 336 |
|
|
|a text
|b txt
|2 rdacontent
|
| 337 |
|
|
|a unmediated
|b n
|2 rdamedia
|
| 338 |
|
|
|a volume
|b nc
|2 rdacarrier
|
| 490 |
1 |
|
|a Technical note ;
|v 3.2
|
| 500 |
|
|
|a Shipping list number: 98-0344-P.
|
| 500 |
|
|
|a "August 1998."
|
| 504 |
|
|
|a Includes bibliographical references (pages 13-14).
|
| 650 |
|
0 |
|a Women in agriculture
|z United States.
|
| 650 |
|
0 |
|a Women farmers
|z United States.
|
| 650 |
|
0 |
|a Businesswomen
|z United States.
|
| 710 |
2 |
|
|a Social Sciences Institute (U.S.)
|
| 830 |
|
0 |
|a Technical note (Social Sciences Institute (U.S.)) ;
|v 3.2.
|
| 999 |
|
|
|a MARS
|
| 999 |
f |
f |
|s 1251ab7c-4652-3d8d-8a7c-8e1258413627
|i c931bdeb-bf59-35bb-9279-14f5de7d4187
|t 0
|
| 952 |
f |
f |
|p normal
|a Texas A&M University
|b College Station
|c Sterling C. Evans Library
|d Evans: US Documents (Annex 5th floor)
|t 0
|e A 57.2:W 84/2
|h Superintendent of Documents classification
|i unmediated -- volume
|m A14820687968
|
| 998 |
f |
f |
|a A 57.2:W 84/2
|t 0
|l Evans: US Documents (Annex 5th floor)
|